00385nam a22001337a 4500008004100000020001800041040005500059080001900114100002000133245002900153260004300182300001400225650001200239230502b |||||||| |||| 00| 0 eng d a0-471-87550-3 aNational Science LibrarycNational Science Library a535.375.5 bL1 aTobin, Marvin C aLaser Raman spectroscopy aNew York: bWiley-Interscience, c1971 axi, 171p. aScience